Increasing Biggest Cities #002 - Albania - Statistics

General Stats
  • This quiz has been taken 32 times
  • The average score is 5 of 6
Answer Stats
Population City % Correct
113 249 Durrës
97%
76 000 Shkodër
97%
418 495 Tirana
97%
79 513 Vlorë
90%
78 703 Elbasan
83%
55 845 Fier
77%
No matching quizzes found
Score Distribution
Percent of People with Each Score
Percentile by Number Answered
Your Score History
You have not taken this quiz